Zvyšovanie výkonnosti a prosperity podnikov regiónu Liptov prostredníctvom klastrovej iniciatívy rozvoja
Súčasný stav spoločného podnikania. Formy a charakteristiky spoločného podnikania. Základné oblasti tímovej práce vysoko výkonných klastrov. Faktory ovplyvňujúce fungovanie klastra. Typológia klastrov a ich prínosy. Klaster Liptov – združenie cestovného ruchu a jeho top marketingové aktivity.
Gespeichert in:
| 1. Verfasser: | |
|---|---|
| Format: | Buchkapitel |
| Sprache: | Slowakisch |
| Schlagworte: | |
| Tags: |
Keine Tags, Fügen Sie das erste Tag hinzu!
|
MARC
| LEADER | 00000nla a2200000 4500 | ||
|---|---|---|---|
| 001 | 0185292 | ||
| 005 | 20240522130916.0 | ||
| 041 | 0 | |a slo | |
| 044 | |a SK | ||
| 245 | 1 | 0 | |a Zvyšovanie výkonnosti a prosperity podnikov regiónu Liptov prostredníctvom klastrovej iniciatívy rozvoja |c Veronika Littvová |
| 520 | |a Súčasný stav spoločného podnikania. Formy a charakteristiky spoločného podnikania. Základné oblasti tímovej práce vysoko výkonných klastrov. Faktory ovplyvňujúce fungovanie klastra. Typológia klastrov a ich prínosy. Klaster Liptov – združenie cestovného ruchu a jeho top marketingové aktivity. | ||
| 610 | 2 | 0 | |a klaster |
| 610 | 2 | 0 | |a ruch cestovný |
| 610 | 2 | 0 | |a Slovensko |
| 100 | 1 | |a Littvová, Veronika | |